Music Quiz

Random Music or Song Quiz

The BIG Music Blanket (Songs) Quiz Stats

Quiz Updated Jun 21, 2012

Challenge
Share
Tweet
Embed
Score 0/246 Timer 10:00
5 Plays Today
Songs % Correct
I
100%
The
100%
The
100%
A
100%
A
100%
A
100%
The
100%
A
100%
The
100%
A
100%
The
100%
The
100%
A
100%
The
100%
The
100%
A
100%
The
100%
A
100%
The
100%
The
100%
A
100%
The
100%
A
100%
The
100%
The
100%
The
100%
I
100%
I
100%
Me
100%
I
100%
Be
100%
I
100%
Be
100%
No
100%
All
100%
In
100%
In
100%
No
100%
For
100%
Of
100%
U
100%
In
100%
In
100%
My
100%
Of
100%
In
100%
My
100%
In
100%
My
100%
Of
100%
On
100%
My
100%
In
100%
In
100%
Of
100%
Free
100%
It's
100%
Wind
100%
Bruce
100%
Joel
100%
Wind
100%
John
100%
Got
100%
King
100%
Stone
100%
Bob
100%
Perry
100%
I'm
100%
Only
100%
Bowie
100%
Diamond
100%
Bob
100%
Bout
100%
Tracy
100%
Stevie
100%
Deep
100%
High
100%
Turner
100%
Aloe
100%
Dusty
100%
Jimi
100%
Clarkson
100%
Songs % Correct
Susan
100%
Mitchell
100%
Britney
100%
Midler
100%
Rush
100%
Neil
100%
Chance
100%
John
100%
Or
100%
Elvis
100%
State
100%
Alicia
100%
Wanna
100%
Morissette
100%
Michael
100%
Cash
100%
Aguilera
100%
Moonlight
100%
LeAnn
100%
From
100%
Jennifer
100%
River
100%
Justin
100%
Holly
100%
Roy
100%
With
100%
Swift
100%
Always
100%
Mariah
100%
Always
100%
Woman
100%
Celine
100%
Willie
100%
Frank
100%
Parton
100%
Collins
100%
Be
99.9%
In
99.9%
Pickett
99.9%
Since
99.8%
You
99.7%
Me
99.6%
Forever
99.5%
Coat
99.3%
Drove
99.2%
David
84.3%
Presley
83.5%
John,
83.4%
Kelly
83%
Spears
82.9%
Johnny
81.6%
Hendrix
81.4%
Dolly
81.3%
Christina
81%
Elton
81%
Me
80.2%
Dion
80%
Tina
79.4%
Keys
79.2%
Springsteen
78.9%
Cry
78.8%
Cry
78.8%
Neil
78.7%
Taylor
78.2%
Billy
78%
Wonder
77.9%
Carey
77.9%
Gone
77%
Timberlake
76.9%
Been
76.4%
Mind
76.4%
Mind
76.4%
Candle
74.3%
Bette
73.7%
Alanis
73.5%
Dylan
72.4%
Rolling
71.2%
Buddy
71%
Born
69.4%
Phil
69%
Rimes
67.8%
Like
67.3%
Songs % Correct
Nelson
66.7%
Sinatra
66.3%
USA
66%
Marley
65.7%
Jackson
65.6%
Katy
64.7%
Beneath
63.4%
Wings
63.3%
Love
62.3%
Love
62.3%
Joni
61.6%
Springfield
60.3%
Woman,
60%
Girl
56.9%
Bottle
53.8%
Give
53.4%
Genie
53%
Kissed
53%
Man
51.5%
Walk
51.2%
Line
51%
Lennon
50.7%
Baby
50.5%
Watchtower
50.3%
Empire
50.2%
Mountain
50%
Along
50%
Young
49.9%
River
49.4%
Always
47.9%
Belong
47.8%
Chapman
47.5%
Night
46.5%
Night
46.5%
Now
46.3%
Never
46.3%
Lopez
45.5%
Peace
44.2%
She's
44%
All
43.9%
Orbison
43.7%
Dancing
42.7%
Wilson
41.9%
Tonight
37.9%
Air
37.9%
Many
36.7%
Colors
36.7%
Pocket
35.7%
Somethin'
34.5%
Hand
34%
Blue
33%
Boyle
32.7%
Startin'
31.4%
Jeans
30.9%
Jenny
30.4%
Block
30.3%
Power
29.8%
Gold
28.9%
Dream
27%
You've
24.6%
Carole
24.2%
Can't
23.6%
Friend
22.9%
Day
22.9%
Dreamed
22.7%
Fight
21.6%
Against
21.5%
Strangers
21.1%
That'll
21%
Midnight
20.9%
Hour
20.8%
After
20.7%
Look
19.2%
Music
18.2%
Talkin'
15.8%
City
14.4%
Revolution
13.8%
Living
12.2%
Need
12%
Blacc
10.3%
Paris
9.2%
Dollar
8.6%

You're not logged in!

Compare scores with friends on all Sporcle quizzes.
Sign Up with Email
OR
Log In

You Might Also Like...

Show Comments

Extras

Top Quizzes Today


Score Distribution

Your Account Isn't Verified!

In order to create a playlist on Sporcle, you need to verify the email address you used during registration. Go to your Sporcle Settings to finish the process.